Culture Générale - Clic Quiz - La réponse est un défaut - Statistiques

Statistiques générales
  • Ce quiz a été pris 172 fois
  • Le résultat moyen est 19 sur 34
Statistiques - réponses
Hint Réponse % Correct
Compléte la série de films d'animation américaine produite par Illumination Entertainment : "Moi, moche et _________" Méchant
91%
Mammifères arboricoles d'Amérique du Sud et d'Amérique centrale. Animaux de taille moyenne au mode de vie original : ils sont presque toujours suspendus à l'envers dans les arbres Paresseux
90%
En Mathématiques, qualificatif donné à un angle saillant dont la mesure est strictement supérieure à celle de l'angle droit, donc dont la mesure en degrés est comprise entre 90° exclu et 180° Obtus
88%
Personnage dans le long métrage d'animation Blanche-Neige et les Sept Nains de Disney sorti en 1937 Grincheux
86%
Se dit d'une personne qui raconte, en les présentant comme réels, des faits imaginaires auxquels elle finit par croire Mythomane
86%
Pièce de théâtre de Molière en 5 actes, datant de 1667 : ".. ________" Avare
83%
Personne qui apprécie et parfois collectionne des œuvres d'art : ______ d'Art Amateur
81%
Compléte l'expression signifiant que l'on parle souvent et beaucoup : ""Etre _________ comme une pie" Bavard
81%
Première ministre de la France du 16 mai 2022 au 9 janvier 2024 en plus aigu Borné
81%
Image aux couleurs inversées, et une pellicule photographique Négatif
79%
Qualificatif souvent employé pour "la politique de relâchement" à l'encontre des infractions, délits et crimes. Laxiste
73%
Personne physique ou morale qui, de manière légale, spéculative ou délictueuse, tire un enrichissement personnel d'un conflit armé : _________ de guerre Profiteur
68%
Film français réalisé par Fred Cavayé, sorti en 2016 avec Dany Boon : ________ ! Radin
65%
En Littérature, élément essentiel de la génétique des textes Brouillon
62%
Entre autres : jeu de plateau où il faut enlever les billes les unes après les autres toujours en sautant par dessus une autre. À la fin, une seule bille doit rester au milieu Solitaire
61%
Compléte le nom de la chanson des Village People, la chanson-titre de leur album du même nom sorti en février 1978 : "________ Man" Macho
58%
Qualificatif du Système biologique animal responsable de la coordination des actions avec l'environnement extérieur et de la communication rapide entre les différentes parties du corps Nerveux
58%
Neuvième album studio de Julien Clerc sorti en 1978, vendu à 400 000 exemplaires en France. C'est aussi un single de Dadju sorti en 2018 Jaloux
56%
Surnom de Sentenza, le Personnage joué par Lee Van Cleef dans un célèbre western réalisé par Sergio Leone en 1966 Brute
54%
Jeu de cartes de défausse et de bluff aussi appelé la Marmite. Le but est de se débarrasser de toutes ses cartes : .. _________ Menteur
54%
Titre original du film Sex intentions de 1999 avec Sarah Michelle Gellar, Ryan Phillippe, Reese Witherspoon et Selma Blair : ________ Intentions Cruel
49%
Qualifie un peuplement qui montre une vulnérabilité élevée aux dégâts causés par le vent Instable
45%
Inconditionnels de la baguette et du fromage, peu travailleurs, _______s et arrogants mais aussi élégants et gastronomes. Il s'agit des fameux clichés sur les Français vu de l'étranger Râleur
45%
Magazine trimestriel et un site web LGBT+ français créé en 1995 Têtu
40%
Un des textes les plus anciens de la langue française, du Xe siècle. Ecrit en octosyllabes, il raconte de manière semi-légendaire la vie de l'évêque d'Autun, martyr du VIIe siècle : La Vie de saint ________ Léger
37%
Oleksandr Usyk, dans son domaine, en est devenu en 2024 le premier champion incontesté en vingt-cinq ans Lourd
37%
Embittered en anglais Aigri
36%
Qualificatif de la Matière condensée lorsque ses atomes ne respectent aucun ordre à moyenne et grande distance. Les liquides, les verres et les élastomères sont des substances _________s Amorphe
32%
Unité de mesure chinoise, utilisée pour la mesure de l'aire d'un terrain (1 ________ = 666,5 m²) Mou
32%
Vigne cultivée en hauteur, appuyée sur des arbres ou des échalas Hautain
28%
Parfum pour homme, créé par Jacques Polge pour l'entreprise Chanel en 1987, inspiré de la formule de Bois des Îles, création d’Ernest Beaux datant de 1926 Égoïste
26%
Commune française, située dans le département de l'Ain (1 408 habitants) qui se prononce quasiment comme une préfecture Lent
22%
Compléte le nom du Groupe de punk rock canadien formé en 1995, connu et récompensé surtout aux Québec : "________s Machins" Vulgaire
14%
Barre de fer qui sert à remuer le charbon ardent, le métal en fusion, attiser le feu Ringard
12%
Aucun quiz correspondant
Distribution des résultats
% des personnes avec chaque résultat
Percentile par nombre de réponses
Votre historique - résultats
Vous n’avez pas pris ce quiz